000 00686nam a2200253Ia 4500
003 OSt
005 20220928105109.0
006 a|||||r|||| 00| 0
007 ta
008 220927b |||||||| |||| 00| 0 eng d
024 _a4464
037 _cTextual
040 _aSDCL
_cSDCL
_beng
041 _2eng
_aeng
082 _aO158,3NKA,1, P4
100 _aKalita Arupa Patangia
_9413740
245 0 _aDawn
260 _aNew Delhi
_bZubaan
_c2004
300 _a330p.
_ccm.
650 _aFiction Assamese
700 _a Biswas Ranjita Tr.
_9413741
942 _hO158,3NKA,1, P4
_cTEXL
_2CC
999 _c729553
_d729553